Úloha plánovania pri formovaní budúcnosti firmy diplomová práca

Na minha lista:
Detalhes bibliográficos
Autor principal: Hritzová, Danica
Autor Corporativo: Národohospodárska fakulta EU. Katedra hospodárskej politiky
Outros Autores: Blašková, Mária
Formato: Livro
Idioma:eslovaco
Publicado em: Bratislava 2008
Tags: Adicionar Tag
Sem tags, seja o primeiro a adicionar uma tag!

MARC

LEADER 00000nam$a2200000$$$4500
001 0077623
005 20240201120612.8
041 0 |a slo 
044 |a SK 
245 1 0 |a Úloha plánovania pri formovaní budúcnosti firmy  |b diplomová práca  |c Danica Hritzová ; škol. Mária Blašková 
264 1 |a Bratislava  |c 2008 
300 |a 69 s. 
100 1 |a Hritzová, Danica 
700 1 |a Blašková, Mária 
710 2 |a Národohospodárska fakulta EU. Katedra hospodárskej politiky